| 000 -ლიდერი |
| ფიქსირებული სიგრძის საკონტროლო ველი |
01024nam a2200253Ia 4500 |
| 001 - საკონტროლო ნომერი |
| საკონტროლო ველი |
2813 |
| 003 - საკონტროლო ნომრის იდენტიფიკატორი |
| საკონტროლო ველი |
GE_BSU |
| 005 - ბოლო ოპერაციის თარიღი და დრო |
| საკონტროლო ველი |
20190423103422.0 |
| 008 - ფიქსირებული სიგრძის მონაცემთა ელემენტები - ზოგადი ინფორმაცია |
| ფიქსირებული სიგრძის საკონტროლო ველი |
181216s2005||||ge |||||||||||||| ||geo|| |
| 020 ## - წიგნის საერთაშორისო სტანდარტული ნომერი |
| International Standard Book Number |
9994025422 |
| 040 ## - კატალოგიზაციის წყარო |
| Transcribing agency |
GE_BSU |
| 041 ## - ენის კოდი |
| Language code of text/sound track or separate title |
geo |
| 080 ## - უნივერსალური ათობითი კლასიფიკაციის ინდექსი |
| Universal Decimal Classification number |
1 შ-51 |
| 100 ## - მთავარი ჩანაწერი - პიროვნების სახელი |
| Personal name |
შერვაშიძე, გულიკო |
| 9 (RLIN) |
369 |
| 245 ## - ცნობა სათაურის შესახებ |
| Title |
ჟან პოლ სარტის ფილოსოფია / |
| Statement of responsibility, etc |
გულიკო , შერვაშიძე ; რედ : მურმან გორგოშაძე |
| 264 ## - წარმოების, გამოცემის, დისტრიბუციის და სხვა ცნობები |
| გამოცემის, წარმოების, დისტრიბუციის... ადგილი |
ბათუმი : |
| გამოცემის, წარმოების, დისტრიბუციის... სახელწოდება |
"ბათუმის უნივერსიტეტი" , |
| გამოცემის, წარმოების, დისტრიბუციის... თარიღი |
2005 . |
| 300 ## - ფიზიკური აღწერა |
| Extent |
223 გვ ; |
| Dimensions |
21 სმ .. |
| 504 ## - BIBLIOGRAPHY, ETC. NOTE |
| Bibliography, etc |
ბიბლიოგრ. : გვ. 220-223 |
| 653 ## - INDEX TERM--UNCONTROLLED |
| Uncontrolled term |
ჟან პოლ სარტის ფილოსოფია |
| 653 ## - INDEX TERM--UNCONTROLLED |
| Uncontrolled term |
ფილოსოფია . |
| 700 ## - ADDED ENTRY--PERSONAL NAME |
| Personal name |
გორგოშაძე მურმან |
| Relator term |
რედაქტორი |
| 9 (RLIN) |
370 |
| 942 ## - ADDED ENTRY ELEMENTS (KOHA) |
| Koha item type |
წიგნი |
| Source of classification or shelving scheme |
|